000
00195nam a2200085 4500
001
1255320
005
20251209114801.0
245
_a
LEYLEK HAVADA
_c
LEYLA RUHAN OKYAY
260
_b
GÜNIŞIĞI YAYINLARI
999
_c
1255320
_d
1255320